Catálogo público

Fundamentals of food process engineering / (Record no. 173209)

MARC details
000 -CABECERA
campo de control de longitud fija 01083nam a2200349 a 4500
001 - NÚMERO DE CONTROL
campo de control dia_2690
003 - IDENTIFICADOR DEL NÚMERO DE CONTROL
campo de control CHAP
005 - FECHA Y HORA DE LA ÚLTIMA TRANSACCIÓN
campo de control 20231002123947.0
007 - CAMPO FIJO DE DESCRIPCIÓN FÍSICA--INFORMACIÓN GENERAL
campo de control de longitud fija ta
008 - DATOS DE LONGITUD FIJA--INFORMACIÓN GENERAL
campo de control de longitud fija 220117s1980 ctuado fr 001 0 eng d
010 ## - NÚMERO DE CONTROL DE LA BIBLIOTECA DEL CONGRESO
Número de control de LC 173209
020 ## - NÚMERO INTERNACIONAL ESTÁNDAR DEL LIBRO
Número Internacional Estándar del Libro 0-87055-338-0
040 ## - FUENTE DE LA CATALOGACIÓN
Centro/agencia transcriptor CHAP
Centro catalogador/agencia de origen mxchpua
050 ## - SIGNATURA TOPOGRÁFICA DE LA BIBLIOTECA DEL CONGRESO
Número de clasificación TP371
Número de documento/Ítem .T65 1980
082 ## - NÚMERO DE LA CLASIFICACIÓN DECIMAL DEWEY
Número de clasificación 664
Número de documento/Ítem T65 1980
Número de edición 20
100 1# - ENTRADA PRINCIPAL--NOMBRE DE PERSONA
Nombre de persona Toledo, Romeo T.
9 (RLIN) 113641
Término indicativo de función/relación autor
245 10 - MENCIÓN DE TÍTULO
Título Fundamentals of food process engineering /
Mención de responsabilidad, etc. Romeo T. Toledo
250 ## - MENCIÓN DE EDICIÓN
Mención de edición 1a edición
300 ## - DESCRIPCIÓN FÍSICA
Extensión ix, 409 páginas :
Otras características físicas ilustraciones, gráficas, diagramas, tablas, fotos
336 ## - TIPO DE CONTENIDO
Fuente rdacontent
Término de tipo de contenido texto
Código de tipo de contenido txt
337 ## - TIPO DE MEDIO
Fuente rdamedia
Nombre/término del tipo de medio sin medio
Código del tipo de medio n
338 ## - TIPO DE SOPORTE
Fuente rdacarrier
Nombre/término del tipo de soporte volumen
Código del tipo de soporte nc
504 ## - NOTA DE BIBLIOGRAFÍA, ETC.
Nota de bibliografía, etc. Incluye bibliografías
650 13 - PUNTO DE ACCESO ADICIONAL DE MATERIA--TÉRMINO DE MATERIA
Término de materia o nombre geográfico como elemento de entrada Alimentos
Subdivisión general Industria y comercio
9 (RLIN) 131091
650 13 - PUNTO DE ACCESO ADICIONAL DE MATERIA--TÉRMINO DE MATERIA
Término de materia o nombre geográfico como elemento de entrada Foods
Subdivisión general Industry and trade
9 (RLIN) 153359
942 ## - ELEMENTOS DE PUNTO DE ACCESO ADICIONAL (KOHA)
Fuente del sistema de clasificación o colocación Dewey Decimal Classification
942 ## - ELEMENTOS DE PUNTO DE ACCESO ADICIONAL (KOHA)
Tipo de ítem Koha Libro
260 ## - PUBLICACIÓN, DISTRIBUCIÓN, ETC.
Lugar de publicación, distribución, etc. Connecticut, Estados Unidos de América :
Nombre del editor, distribuidor, etc. AVI,
Fecha de publicación, distribución, etc. 1980
901 ## - ELEMENTOS DE DATOS A LOCAL LDA (RLIN)
a 664 T65 1980
902 ## - ELEMENTOS DE DATOS B LOCAL, LDB (RLIN)
a M
905 ## - ELEMENTOS DE DATOS E LOCAL, LDE (RLIN)
a 5232261980 -usnm 8222123322eng16
Holdings
Estado de retiro Estado de pérdida Fuente del sistema de clasificación o colocación Estado dañado Restricciones de uso No para préstamo Código de colección Localización permanente Ubicación/localización actual Fecha de adquisición Número de inventario Total de préstamos Signatura topográfica completa Código de barras Fecha visto por última vez Número de copia Precio válido a partir de Tipo de ítem Koha Fuente de adquisición Coste, precio normal de compra
    Dewey Decimal Classification   Préstamo 5 días   General Ingenieria Agroindustrial Ingenieria Agroindustrial 18/01/2022 Fotocopia   664 T65 1980 1102004701 18/01/2022 Ej. 4 18/01/2022 Libro    
    Dewey Decimal Classification   Préstamo 5 días   General Ingenieria Agroindustrial Ingenieria Agroindustrial 18/01/2022 Fotocopia   664 T65 1980 1102004702 18/01/2022 Ej. 2 18/01/2022 Libro    
    Dewey Decimal Classification   Préstamo 5 días   General Ingenieria Agroindustrial Ingenieria Agroindustrial 18/01/2022 Fotocopia   664 T65 1980 1102004703 18/01/2022 Ej. 3 18/01/2022 Libro    
    Dewey Decimal Classification   Préstamo interno   General Ingenieria Agroindustrial Ingenieria Agroindustrial 16/12/1988 144327   664 T65 1980 1102003066 18/01/2022 Ej. 1 18/01/2022 Libro Compra Librería Gaona F. 1555 / R. 21943 (02/02/1989) 117137.50